[Event "HUN-chT2 Breyer 1415"]
[Site "Hungary"]
[Date "2015.01.25"]
[Round "?"]
[White "Teglas, Marton"]
[Black "Igler, Szilard"]
[Result "1-0"]
[WhiteElo "2144"]
[BlackElo "1940"]
[PlyCount "39"]
[EventDate "2014.09.07"]
[EventType "team-tourn"]
[EventRounds "11"]
[EventCountry "HUN"]
[SourceTitle "EXT 2016"]
[Source "ChessBase"]
[SourceDate "2015.10.08"]
[SourceVersion "1"]
[SourceVersionDate "2015.10.08"]
[SourceQuality "1"]
[WhiteTeam "Pestszentlorinc"]
[BlackTeam "Turul"]
[WhiteTeamCountry "HUN"]
[BlackTeamCountry "HUN"]

1. e4 c5 2. Nf3 a6 3. d4 cxd4 4. c3 dxc3 5. Nxc3 e6 6. a4 Bb4 7. Bc4 Nf6 8. e5 Ne4 9. 0-0 Nxc3 10. bxc3 Bxc3 11. Bg5 f6 12. Rc1 Bb4 13. exf6 gxf6 14. Ne5 0-0 15. Bh6 fxe5 16. Qg4+ Kf7 17. Qg7+ Ke8 18. Be2 Rf5 19. Qg8+ Ke7 20. Bg5+ 1-0

[Event "HUN-chT2 Breyer 1415"]
[Site "Hungary"]
[Date "2014.10.12"]
[Round "3.3"]
[White "Teglas, Marton"]
[Black "Kovacs, David"]
[Result "0-1"]
[WhiteElo "2144"]
[BlackElo "2235"]
[PlyCount "72"]
[EventDate "2014.09.07"]
[EventType "team-tourn"]
[EventRounds "11"]
[EventCountry "HUN"]
[SourceTitle "EXT 2016"]
[Source "ChessBase"]
[SourceDate "2015.10.08"]
[SourceVersion "1"]
[SourceVersionDate "2015.10.08"]
[SourceQuality "1"]
[WhiteTeam "Pestszentlorinc"]
[BlackTeam "Geniusz Tata"]
[WhiteTeamCountry "HUN"]
[BlackTeamCountry "HUN"]

1. d4 d5 2. Nf3 Nf6 3. c4 c6 4. Bg5 dxc4 5. Qc2 b5 6. a4 Bb7 7. e4 Nbd7 8. Nbd2 h6 9. Be3 e6 10. b3 cxb3 11. Nxb3 a6 12. Bd3 Rc8 13. 0-0 Be7 14. Rfc1 Nb6 15. a5 Nbd7 16. h3 Bb4 17. Bd2 c5 18. Bxb4 cxb4 19. Qe2 0-0 20. Qe3 Qe7 21. Qf4 Rc3 22. Rxc3 bxc3 23. Rc1 Rc8 24. Bc2 Qa3 25. g4 Bxe4 26. Bxe4 Qxb3 27. Bb7 Rc4 28. g5 hxg5 29. Nxg5 Qb2 30. Be4 Rxd4 31. Bh7+ Kf8 32. Qe3 Nd5 33. Nxe6+ fxe6 34. Qg5 N7f6 35. Re1 c2 36. Qe5 Rg4+ 0-1

[Event "HUN-chT2 Erkel 1314"]
[Site "Hungary"]
[Date "2014.03.02"]
[Round "8.2"]
[White "Barabas, Tibor"]
[Black "Teglas, Marton"]
[Result "1/2-1/2"]
[WhiteElo "2116"]
[BlackElo "2126"]
[PlyCount "80"]
[EventDate "2013.09.08"]
[EventType "team-tourn"]
[EventRounds "11"]
[EventCountry "HUN"]
[SourceTitle "EXT 2016"]
[Source "ChessBase"]
[SourceDate "2015.10.08"]
[SourceVersion "1"]
[SourceVersionDate "2015.10.08"]
[SourceQuality "1"]
[WhiteTeam "Mezokovesd"]
[BlackTeam "Pestszentlorinc"]
[WhiteTeamCountry "HUN"]
[BlackTeamCountry "HUN"]

1. e4 c5 2. Nf3 d6 3. d4 cxd4 4. Nxd4 Nf6 5. Bd3 Nc6 6. Nxc6 bxc6 7. c4 g6 8. Nc3 Bg7 9. 0-0 0-0 10. Qc2 Qa5 11. a3 Ng4 12. h3 Bxc3 13. hxg4 Bf6 14. Be2 Rb8 15. Rb1 Be6 16. b4 Qc7 17. Be3 a5 18. Rfc1 axb4 19. axb4 Rb7 20. f4 Rfb8 21. Qd2 c5 22. b5 Ra8 23. Bf3 Ra3 24. e5 dxe5 25. Bxb7 exf4 26. Bxf4 Qxb7 27. Qe2 Qd7 28. b6 Bxg4 29. Qd2 Bd4+ 30. Kf1 Bf3 31. gxf3 Qh3+ 32. Ke1 Qh1+ 33. Ke2 Qxf3+ 34. Ke1 Qh1+ 35. Ke2 Qh5+ 36. Ke1 Qh1+ 37. Ke2 Qf3+ 38. Ke1 Qh1+ 39. Ke2 Qf3+ 40. Ke1 Qh1+ 1/2-1/2

[Event "HUN-chT3 0001"]
[Site "Hungary"]
[Date "2000.11.26"]
[Round "3.2"]
[White "Pusztay, Bela"]
[Black "Teglas, Marton"]
[Result "0-1"]
[WhiteElo "2161"]
[BlackElo "2151"]
[PlyCount "66"]
[EventDate "2000.10.29"]
[EventType "team"]
[EventRounds "11"]
[EventCountry "HUN"]
[SourceTitle "EXT 2007"]
[Source "ChessBase"]
[SourceDate "2006.11.23"]
[SourceVersion "1"]
[SourceVersionDate "2006.11.23"]
[SourceQuality "1"]

1. e4 c5 2. Nf3 d6 3. d4 cxd4 4. c3 Nf6 5. e5 dxe5 6. Nxe5 e6 7. cxd4 Nbd7 8. Nf3 Bb4+ 9. Nc3 Ne4 10. Bd2 Nxd2 11. Qxd2 0-0 12. Bd3 b6 13. a3 Be7 14. 0-0 Bb7 15. Qe2 Bd6 16. Ne4 Bf4 17. Rad1 Nf6 18. Nxf6+ Qxf6 19. Be4 Rab8 20. Bxb7 Rxb7 21. g3 Bh6 22. Ne5 Rc7 23. Qe4 Rd8 24. f4 Rdc8 25. d5 exd5 26. Rxd5 Qe7 27. Qd3 g6 28. Rd1 Rc1 29. Rxc1 Rxc1+ 30. Kg2 Qb7 31. Kf2 Bf8 32. Rd8 Kg7 33. Qd4 Bc5 0-1

[Event "HUN-chT3 0001"]
[Site "Hungary"]
[Date "2000.10.29"]
[Round "1.3"]
[White "Szobi, Geza"]
[Black "Teglas, Marton"]
[Result "1-0"]
[WhiteElo "2018"]
[BlackElo "2151"]
[PlyCount "85"]
[EventDate "2000.10.29"]
[EventType "team"]
[EventRounds "11"]
[EventCountry "HUN"]
[SourceTitle "EXT 2007"]
[Source "ChessBase"]
[SourceDate "2006.11.23"]
[SourceVersion "1"]
[SourceVersionDate "2006.11.23"]
[SourceQuality "1"]

1. d4 Nf6 2. c4 e6 3. Nf3 b6 4. g3 Bb7 5. Bg2 c5 6. 0-0 cxd4 7. Nxd4 Bxg2 8. Kxg2 d5 9. Nc3 dxc4 10. Qa4+ Nbd7 11. Qxc4 Rc8 12. Qa4 Qc7 13. f3 Qc4 14. Qxc4 Rxc4 15. Rd1 Bb4 16. Ndb5 a6 17. a3 Be7 18. Nd6+ Bxd6 19. Rxd6 Ke7 20. Rd1 Rhc8 21. Be3 b5 22. Rac1 Nd5 23. Bd4 N7b6 24. Kf2 Kf8 25. e4 Nxc3 26. Rxc3 Rxc3 27. Bxc3 Nc4 28. b3 Nb6 29. Bb4+ Ke8 30. Rd6 Rc2+ 31. Ke3 Nc8 32. Rxa6 Rb2 33. Kd3 Rxb3+ 34. Bc3 g6 35. Kc2 Rxc3+ 36. Kxc3 Ke7 37. Ra8 Nd6 38. Rb8 Kd7 39. e5 Nf5 40. Rxb5 Kc6 41. Rb8 Ne3 42. Rf8 Nf1 43. Kd3 1-0

[Event "HUN-chT2 9798"]
[Site "Hungary"]
[Date "1998.??.??"]
[Round "?"]
[White "Csatari, Mariann"]
[Black "Teglas, Marton"]
[Result "0-1"]
[WhiteElo "2125"]
[BlackElo "2190"]
[PlyCount "64"]
[EventDate "1997.??.??"]
[EventType "team"]
[EventRounds "11"]
[EventCountry "HUN"]
[SourceTitle "EXT 1999"]
[Source "ChessBase"]
[SourceDate "1998.11.16"]
[SourceVersion "1"]
[SourceVersionDate "1998.11.16"]
[SourceQuality "1"]

1. d4 Nf6 2. c4 e6 3. Nc3 Bb4 4. Qc2 c5 5. a3 Bxc3+ 6. bxc3 0-0 7. e4 Nc6 8. Nf3 d5 9. e5 Ne4 10. Bd3 cxd4 11. cxd4 Qa5+ 12. Ke2 f5 13. exf6 Nxf6 14. c5 h6 15. Re1 Ng4 16. Bb2 Qc7 17. h3 Nf6 18. Kf1 Nh5 19. Ne5 Nxe5 20. Rxe5 Nf4 21. Bh7+ Kh8 22. Bc1 Qf7 23. Be3 Bd7 24. g3 Nxh3 25. Kg2 Ng5 26. Bxg5 Qf3+ 27. Kg1 hxg5 28. Rae1 Rf6 29. Bg6 Ba4 30. Qd3 Qxf2+ 31. Kh1 Bb5 32. Qc2 Qxg3 0-1